[Event "Junior Online 4NCL Division 3"]
[Site "online"]
[Date "2021.03.18"]
[EventDate "2021.03.18"]
[Round "5.63"]
[White "Taylor, Tamuka"]
[WhiteElo "622"]
[WhiteTeam "Watford Juniors D"]
[Black "Royle, Alex"]
[BlackElo "1479"]
[BlackTeam "JHJ Shark Tank 2"]
[Result "0-1"]
[PlyCount "80"]

1. e4 e6 2. Nf3 d5 3. exd5 exd5 4. Bb5+ c6 5. Bd3 Nf6 6. O-O Be7 7. Nc3 O-O 8. Be2 h6 9. d3 Be6 10. d4 Nbd7 11. Be3 b6 12. Qd2 Bb4 13. a3 Ne4 14. Qd3 Bxc3 15. bxc3 Bf5 16. c4 Ng3 17. Qd2 Nxf1 18. Rxf1 Nf6 19. cxd5 cxd5 20. Bxh6 gxh6 21. Qxh6 Bg4 22. Qg5+ Kh7 23. Qh4+ Kg7 24. Qg5+ Kh7 25. Qh4+ Bh5 26. Qg5 Rg8 27. Qf4 Rg4 28. Qf5+ Bg6 29. Qe5 Re4 30. Qg3 Rxe2 31. Qh3+ Kg7 32. Qg4 Rxc2 33. Ne5 Qc8 34. Qh4 Qe6 35. Nf3 Rac8 36. Ng5 Qg4 37. Qxg4 Nxg4 38. Nf3 Rc1 39. Ng5 Bd3 40. Rxc1 Rxc1# 0-1

[Event "Junior Online 4NCL Division 3"]
[Site "online"]
[Date "2021.03.18"]
[EventDate "2021.03.18"]
[Round "5.64"]
[White "Tang, Brian"]
[WhiteElo "1464"]
[WhiteTeam "JHJ Shark Tank 2"]
[Black "Naren, Riya"]
[BlackElo "646"]
[BlackTeam "Watford Juniors D"]
[Result "1-0"]
[PlyCount "47"]

1. e4 e5 2. Nf3 Nc6 3. Bb5 Nf6 4. d3 Bb4+ 5. c3 Bd6 6. O-O O-O 7. Bg5 Be7 8. Bxc6 bxc6 9. Nxe5 a6 10. Re1 Bb7 11. d4 Rb8 12. Qf3 a5 13. Nd2 Re8 14. Nf1 Bc8 15. Rab1 Kh8 16. Ne3 d6 17. Nxc6 Qd7 18. Nxb8 Qd8 19. Nc6 Qd7 20. Nxe7 Rxe7 21. Bxf6 gxf6 22. Qxf6+ Kg8 23. Nf5 Re8 24. Qg7# 1-0

[Event "Junior Online 4NCL Division 3"]
[Site "online"]
[Date "2021.03.18"]
[EventDate "2021.03.18"]
[Round "5.65"]
[White "Aserkoff, Daniel"]
[WhiteElo "1534"]
[WhiteTeam "JHJ Shark Tank 2"]
[Black "Karthik, Trivikraman"]
[BlackElo "670"]
[BlackTeam "Watford Juniors D"]
[Result "0-1"]
[PlyCount "22"]

1. e4 e5 2. Nc3 Nc6 3. Bc4 Bc5 4. Qg4 g6 5. Qf3 Nf6 6. Nge2 d6 7. d3 Bg4 8. Qg3 Bxe2 9. Kxe2 h6 10. Re1 Nh5 11. Qf3 Nd4+ 0-1

[Event "Junior Online 4NCL Division 3"]
[Site "online"]
[Date "2021.03.18"]
[EventDate "2021.03.18"]
[Round "5.67"]
[White "Royle, Alex"]
[WhiteElo "1479"]
[WhiteTeam "JHJ Shark Tank 2"]
[Black "Taylor, Tamuka"]
[BlackElo "622"]
[BlackTeam "Watford Juniors D"]
[Result "1-0"]
[PlyCount "87"]

1. e4 e5 2. Nc3 Nf6 3. Bc4 Bc5 4. Nf3 Nxe4 5. Nxe4 d5 6. Nxc5 dxc4 7. O-O O-O 8. d4 b6 9. Na4 exd4 10. Qxd4 Qxd4 11. Nxd4 Bd7 12. Nc3 c5 13. Nf3 Bf5 14. Bf4 Nc6 15. a3 Bxc2 16. Rfe1 Bf5 17. Rad1 h6 18. Rd6 Nb8 19. Nd5 Na6 20. Ne7+ Kh8 21. Nxf5 Kg8 22. Nxg7 Kxg7 23. Bxh6+ Kg8 24. Bxf8 Kxf8 25. Rd7 Nb8 26. Rd8+ Kg7 27. Ree8 f6 28. Rxb8 Rxb8 29. Rxb8 Kg6 30. Rb7 a5 31. Rxb6 a4 32. Ra6 c3 33. bxc3 c4 34. Rxa4 f5 35. Rxc4 Kf6 36. a4 f4 37. Rc6+ Ke7 38. a5 Kd8 39. a6 Kd7 40. Rh6 Kc8 41. Rh7 Kb8 42. c4 Kc8 43. a7 Kd8 44. a8=Q# 1-0

[Event "Junior Online 4NCL Division 3"]
[Site "online"]
[Date "2021.03.18"]
[EventDate "2021.03.18"]
[Round "5.68"]
[White "Naren, Riya"]
[WhiteElo "646"]
[WhiteTeam "Watford Juniors D"]
[Black "Tang, Brian"]
[BlackElo "1464"]
[BlackTeam "JHJ Shark Tank 2"]
[Result "0-1"]
[PlyCount "74"]

1. e4 e5 2. Nf3 Nc6 3. Nc3 Nf6 4. Bb5 d6 5. d3 a6 6. Ba4 b5 7. Bb3 Bg4 8. O-O Nd4 9. Nxd4 Bxd1 10. Rxd1 exd4 11. Ne2 c5 12. c4 Be7 13. Bc2 O-O 14. Rf1 Nd7 15. Bd1 f5 16. exf5 Rxf5 17. Rb1 Ne5 18. Ng3 Rf8 19. Ne2 Nxd3 20. Bd2 bxc4 21. Re1 Nxe1 22. Bxe1 Bh4 23. Rc1 Rb8 24. Kh1 d5 25. Ng1 Bxf2 26. Bxf2 Rxf2 27. Rb1 Rfxb2 28. Rxb2 Rxb2 29. a3 Rb1 30. a4 Rxd1 31. a5 c3 32. h3 c2 33. g3 c1=Q 34. h4 Rxg1+ 35. Kh2 Rxg3 36. Kxg3 Qg1+ 37. Kh3 Qd7# 0-1

[Event "Junior Online 4NCL Division 3"]
[Site "online"]
[Date "2021.03.18"]
[EventDate "2021.03.18"]
[Round "5.71"]
[White "Vijayakumar, Rishi"]
[WhiteElo "1002"]
[WhiteTeam "Dundee City"]
[Black "Thompson, Alex"]
[BlackElo "1554"]
[BlackTeam "Surrey Kings 1"]
[Result "1-0"]
[PlyCount "69"]

1. d4 e6 2. c4 Bb4+ 3. Bd2 a5 4. Nf3 Nf6 5. Nc3 d6 6. a3 Bxc3 7. Bxc3 a4 8. Qc2 Nc6 9. e3 O-O 10. Bd3 h6 11. O-O Re8 12. e4 e5 13. d5 Ne7 14. c5 Ng6 15. cxd6 Qxd6 16. Bb4 Qb6 17. Bc5 Qa5 18. Be3 Bg4 19. Nd2 c6 20. Nc4 Qd8 21. f3 Bd7 22. Nb6 Rb8 23. Nxd7 Qxd7 24. Qxa4 Ra8 25. Qb3 cxd5 26. exd5 Nxd5 27. Bxg6 fxg6 28. Rfd1 Rad8 29. Bb6 Kh7 30. Bxd8 Rxd8 31. Rd2 Qc6 32. Rad1 Qc5+ 33. Kh1 Ne3 34. Rxd8 Nxd1 35. Qg8# 1-0

[Event "Junior Online 4NCL Division 3"]
[Site "online"]
[Date "2021.03.18"]
[EventDate "2021.03.18"]
[Round "5.72"]
[White "Atkinson, Albie"]
[WhiteElo "1593"]
[WhiteTeam "Surrey Kings 1"]
[Black "Whisson, Max"]
[BlackElo "1039"]
[BlackTeam "Dundee City"]
[Result "0-1"]
[PlyCount "82"]

1. e4 b6 2. Nf3 Bb7 3. Nc3 e6 4. a3 d5 5. d3 Be7 6. Bf4 a6 7. Be2 Nd7 8. O-O Nc5 9. exd5 Bxd5 10. Nxd5 exd5 11. d4 Ne6 12. Be5 Nf6 13. c4 O-O 14. Qb3 dxc4 15. Bxc4 Qd7 16. Rac1 Rfc8 17. Rfe1 b5 18. Bxe6 Qxe6 19. Qxe6 fxe6 20. Rxc7 Nd5 21. Rxc8+ Rxc8 22. h3 b4 23. axb4 Bxb4 24. Rb1 a5 25. Ng5 Re8 26. Ne4 h6 27. Nd6 Re7 28. Nc8 Rb7 29. Nd6 Rb6 30. Nc4 Rb7 31. Nd6 Bxd6 32. Bxd6 Nc3 33. Rc1 Ne2+ 34. Kh2 Nxc1 35. Ba3 Ne2 36. d5 exd5 37. Kh1 Rd7 38. b3 d4 39. Bc5 d3 40. Be3 d2 41. Bxd2 Rxd2 0-1

[Event "Junior Online 4NCL Division 3"]
[Site "online"]
[Date "2021.03.18"]
[EventDate "2021.03.18"]
[Round "5.73"]
[White "Barron-Majerik, Alexander"]
[WhiteElo "221"]
[WhiteTeam "Dundee City"]
[Black "Pradhan, Ayan"]
[BlackElo "1475"]
[BlackTeam "Surrey Kings 1"]
[Result "0-1"]
[PlyCount "50"]

1. e4 e6 2. d4 d5 3. exd5 exd5 4. Nc3 c6 5. Bd3 Bd6 6. Nf3 Ne7 7. O-O Bg4 8. Bg5 O-O 9. h3 Bh5 10. Bf5 f6 11. Be6+ Kh8 12. Be3 f5 13. Bc1 Rf6 14. Re1 h6 15. Qd3 Na6 16. a3 Nc7 17. Bxf5 Nxf5 18. g4 Ne7 19. gxh5 Qf8 20. Be3 Rxf3 21. Rf1 Ne6 22. Qg6 Nxg6 23. hxg6 Nf4 24. Bxf4 Qxf4 25. Rae1 Qh2# 0-1

[Event "Junior Online 4NCL Division 3"]
[Site "online"]
[Date "2021.03.18"]
[EventDate "2021.03.18"]
[Round "5.74"]
[White "Baber, Sanjit"]
[WhiteElo "1505"]
[WhiteTeam "Surrey Kings 1"]
[Black "Liu, Haoqi"]
[BlackElo "197"]
[BlackTeam "Dundee City"]
[Result "1-0"]
[PlyCount "97"]

1. d4 d5 2. e3 Nc6 3. c4 Nf6 4. Nc3 Bg4 5. Nf3 e6 6. cxd5 exd5 7. Be2 Bb4 8. a3 Bd6 9. h3 Bf5 10. Bd3 Ne7 11. Bxf5 Nxf5 12. O-O O-O 13. Re1 Re8 14. Qc2 Qd7 15. e4 Nh6 16. e5 Be7 17. exf6 Bxf6 18. Bxh6 g6 19. Be3 Bg7 20. Qa4 c6 21. b4 b5 22. Qb3 a6 23. a4 Qb7 24. axb5 axb5 25. Rxa8 Rxa8 26. Bf4 Qd7 27. Be5 f6 28. Bf4 Qf5 29. Bd6 Rd8 30. Bc5 Bf8 31. Bxf8 Rxf8 32. Na2 c5 33. bxc5 Rc8 34. Qxb5 Kf7 35. Qb7+ Kf8 36. Qe7+ Kg8 37. Qe6+ Kg7 38. Qxf5 gxf5 39. Rc1 f4 40. c6 f5 41. c7 Kf6 42. Nb4 Ke7 43. Nxd5+ Kd7 44. Nb6+ Kd6 45. Nxc8+ Kd7 46. Nb6+ Kd6 47. c8=Q Ke7 48. Rc7+ Kd6 49. Qd7# 1-0

[Event "Junior Online 4NCL Division 3"]
[Site "online"]
[Date "2021.03.18"]
[EventDate "2021.03.18"]
[Round "5.75"]
[White "Thompson, Alex"]
[WhiteElo "1554"]
[WhiteTeam "Surrey Kings 1"]
[Black "Vijayakumar, Rishi"]
[BlackElo "1002"]
[BlackTeam "Dundee City"]
[Result "1-0"]
[PlyCount "95"]

1. d4 Nf6 2. c4 e6 3. Nc3 d5 4. cxd5 exd5 5. Bg5 Bb4 6. e3 c6 7. Bd3 Qa5 8. Ne2 Bg4 9. f3 Bh5 10. a3 Be7 11. b4 Qc7 12. Rc1 Nbd7 13. Bf4 Bd6 14. Nb5 Bxf4 15. Nxc7+ Bxc7 16. O-O O-O 17. b5 Nb8 18. Qb3 Bb6 19. Nf4 Bg6 20. Nxg6 hxg6 21. Kh1 Rc8 22. Rfe1 Nbd7 23. bxc6 bxc6 24. Qa4 c5 25. Bb5 Rc7 26. Rc2 c4 27. Qb4 Nf8 28. a4 a5 29. Qb1 Rb8 30. Qa1 Ne6 31. g3 g5 32. Kg2 g4 33. Qc1 gxf3+ 34. Kxf3 Ne4 35. Kg2 g5 36. h4 gxh4 37. gxh4 Kh7 38. Kh3 Rg8 39. Rg1 Rcc8 40. Bd7 Rcd8 41. Bxe6 fxe6 42. Rcg2 Rxg2 43. Rxg2 Rf8 44. Qd1 Nf2+ 45. Rxf2 Rxf2 46. Qb1+ Kg7 47. Qxb6 Rf4 48. Qc7+ 1-0

[Event "Junior Online 4NCL Division 3"]
[Site "online"]
[Date "2021.03.18"]
[EventDate "2021.03.18"]
[Round "5.76"]
[White "Whisson, Max"]
[WhiteElo "1039"]
[WhiteTeam "Dundee City"]
[Black "Atkinson, Albie"]
[BlackElo "1593"]
[BlackTeam "Surrey Kings 1"]
[Result "1/2-1/2"]
[PlyCount "113"]

1. b3 d5 2. Bb2 e6 3. e3 a6 4. Nf3 c5 5. d4 Nc6 6. c3 Nf6 7. Be2 Bd6 8. O-O O-O 9. Nbd2 Rb8 10. c4 Re8 11. cxd5 exd5 12. Qc2 Be6 13. dxc5 Be7 14. Ne5 Nb4 15. Qc3 Qa5 16. a3 Nc6 17. Qxa5 Nxa5 18. b4 Nc6 19. Nxc6 bxc6 20. Nf3 a5 21. h3 Bxc5 22. Ne5 Rb6 23. Nd3 Nd7 24. bxc5 Nxc5 25. Nxc5 Rxb2 26. Nxe6 Rxe6 27. Bg4 Re5 28. Rfb1 Rxb1+ 29. Rxb1 f5 30. Bh5 g6 31. Be2 d4 32. Rb8+ Kg7 33. Rb7+ Kh6 34. Rb3 a4 35. Rd3 dxe3 36. Rxe3 Rd5 37. Rc3 c5 38. Bb5 Rd4 39. Rxc5 Kg5 40. Rc3 h5 41. Be2 h4 42. g3 hxg3 43. Rxg3+ Kf4 44. Kh2 Rd2 45. Bb5 Rxf2+ 46. Rg2 Rf3 47. Rxg6 Rxa3 48. Rf6 Ra2+ 49. Kg1 Kg3 50. Rxf5 Ra1+ 51. Rf1 Rxf1+ 52. Kxf1 a3 53. Bc4 Kxh3 54. Ke2 Kg4 55. Kd2 Kf4 56. Kc2 a2 57. Bxa2 1/2-1/2

[Event "Junior Online 4NCL Division 3"]
[Site "online"]
[Date "2021.03.18"]
[EventDate "2021.03.18"]
[Round "5.77"]
[White "Pradhan, Ayan"]
[WhiteElo "1475"]
[WhiteTeam "Surrey Kings 1"]
[Black "Barron-Majerik, Alexander"]
[BlackElo "221"]
[BlackTeam "Dundee City"]
[Result "1-0"]
[PlyCount "59"]

1. e4 e5 2. Nf3 Nc6 3. Bc4 Bc5 4. b4 Bxb4 5. c3 Ba5 6. d4 exd4 7. O-O dxc3 8. Qb3 Qf6 9. Bg5 Qg6 10. Nxc3 Bxc3 11. Qxc3 Nce7 12. Bxe7 Nxe7 13. Nh4 Qg4 14. Nf5 Nxf5 15. exf5 Qxf5 16. Qxg7 Rf8 17. Rae1+ Qe6 18. Bxe6 dxe6 19. Qxh7 b6 20. Qe4 Rb8 21. Rd1 Bb7 22. Qd3 Rg8 23. Qd7+ Kf8 24. f3 Bxf3 25. Rxf3 Rg7 26. Rdf1 Kg8 27. Rxf7 Rxf7 28. Qxf7+ Kh8 29. Rf6 Rd8 30. Rh6# 1-0

[Event "Junior Online 4NCL Division 3"]
[Site "online"]
[Date "2021.03.18"]
[EventDate "2021.03.18"]
[Round "5.78"]
[White "Liu, Haoqi"]
[WhiteElo "197"]
[WhiteTeam "Dundee City"]
[Black "Baber, Sanjit"]
[BlackElo "1505"]
[BlackTeam "Surrey Kings 1"]
[Result "0-1"]
[PlyCount "90"]

1. e4 c5 2. Bc4 d6 3. Nf3 h6 4. Nh4 Nc6 5. Nc3 Nf6 6. d3 e5 7. Nf5 Nd4 8. Nxd4 cxd4 9. Nd5 Nxd5 10. exd5 Be7 11. O-O O-O 12. b4 a6 13. a4 Bd7 14. b5 axb5 15. Bxb5 Bxb5 16. a5 Rxa5 17. Rb1 Qd7 18. Qf3 Qc7 19. c4 dxc3 20. Be3 Qd7 21. Rbe1 Bxd3 22. Bb6 Bxf1 23. Bxa5 Bc4 24. Bxc3 Qb5 25. Bd2 Qxd5 26. Qg3 Qe6 27. Re4 Ba6 28. h3 Bf6 29. Be1 Bg5 30. Rg4 Be2 31. Re4 Ba6 32. h4 Bf4 33. Qf3 d5 34. Re2 Bxe2 35. Qxe2 Qf5 36. Kf1 Qd7 37. Kg1 b5 38. Qf1 Rb8 39. Bb4 e4 40. Qe1 Bd6 41. Bc3 b4 42. Bxb4 Bxb4 43. Qe2 Bd6 44. Qh5 Rb1+ 45. Qd1 Rxd1# 0-1

[Event "Junior Online 4NCL Division 3"]
[Site "online"]
[Date "2021.03.18"]
[EventDate "2021.03.18"]
[Round "5.81"]
[White "Patel, Aaron"]
[WhiteElo "1062"]
[WhiteTeam "Harrow Juniors E"]
[Black "Yau, Ethan Y"]
[BlackElo "1544"]
[BlackTeam "Temple Sutton Juniors"]
[Result "0-1"]
[PlyCount "58"]

1. e4 e5 2. Bc4 Nf6 3. d4 exd4 4. Nf3 Nc6 5. e5 Ng4 6. Nxd4 Ngxe5 7. Nxc6 Nxc6 8. O-O Be7 9. Re1 O-O 10. Qe2 Re8 11. Qf3 Bf6 12. Rxe8+ Qxe8 13. Nc3 Qe1+ 14. Bf1 Bxc3 15. bxc3 d6 16. Bb2 Qe6 17. Qg3 Qg4 18. Qe3 Bd7 19. Re1 h6 20. Bd3 Ne5 21. Be2 Qg6 22. Bd3 Nxd3 23. cxd3 Re8 24. Qd2 Rxe1+ 25. Qxe1 Qxd3 26. h3 Bc6 27. Qe7 Qb1+ 28. Kh2 Qxb2 29. Qd8+ Kh7 0-1

[Event "Junior Online 4NCL Division 3"]
[Site "online"]
[Date "2021.03.18"]
[EventDate "2021.03.18"]
[Round "5.82"]
[White "Summers, Dylan S"]
[WhiteElo "1532"]
[WhiteTeam "Temple Sutton Juniors"]
[Black "Kulkarni, Bandish"]
[BlackElo "1136"]
[BlackTeam "Harrow Juniors E"]
[Result "1-0"]
[PlyCount "71"]

1. e4 e5 2. Nf3 Nc6 3. Bc4 Nf6 4. Ng5 Bc5 5. Nxf7 Qe7 6. Nxh8 d6 7. h3 Nxe4 8. O-O Qf6 9. Qe2 Ng5 10. Nc3 Nxh3+ 11. gxh3 Bxh3 12. Qh5+ g6 13. Qxh3 Ke7 14. Qxh7+ Kd8 15. Qg8+ Kd7 16. Qf7+ Qxf7 17. Nxf7 Rf8 18. d3 Rg8 19. Nxe5+ dxe5 20. Bxg8 Ke7 21. Bg5+ Kd6 22. Rfe1 Kd7 23. Ne4 Ke8 24. Nxc5 Kf8 25. Bd5 Kg7 26. Bxc6 bxc6 27. Rxe5 Kf7 28. Re7+ Kf8 29. Kg2 Kg8 30. Kg3 Kf8 31. Kf4 Kg8 32. Ke5 Kf8 33. Kf6 Kg8 34. Kxg6 Kf8 35. Nb7 Kg8 36. Re8# 1-0

[Event "Junior Online 4NCL Division 3"]
[Site "online"]
[Date "2021.03.18"]
[EventDate "2021.03.18"]
[Round "5.83"]
[White "Evans, Joseph"]
[WhiteElo "995"]
[WhiteTeam "Harrow Juniors E"]
[Black "Yau, Max Y"]
[BlackElo "1267"]
[BlackTeam "Temple Sutton Juniors"]
[Result "0-1"]
[PlyCount "78"]

1. c4 e5 2. g3 Nf6 3. Bg2 d6 4. e3 Nc6 5. Ne2 g6 6. Nbc3 Be6 7. Ne4 Nxe4 8. Bxe4 Bxc4 9. d3 Be6 10. Qa4 Bd7 11. Qb5 Qc8 12. d4 exd4 13. exd4 Nxd4 14. Qd5 Nxe2 15. Kxe2 Bg7 16. Re1 O-O 17. Qxb7 Qxb7 18. Bxb7 Rfe8+ 19. Kd2 Rxe1 20. Kxe1 Rb8 21. Be4 Bxb2 22. Bxb2 Rxb2 23. h4 Bb5 24. Bf3 Bd7 25. Rc1 Rxa2 26. Rxc7 Ra1+ 27. Kd2 Ra2+ 28. Ke3 Ra3+ 29. Kf4 Be6 30. Rc6 a5 31. Rxd6 a4 32. Kg5 Rxf3 33. Kh6 f5 34. Kg5 Kf7 35. Kh6 a3 36. Ra6 a2 37. Ra7+ Kf6 38. Kxh7 Rxf2 39. Kh6 Rf1 0-1

[Event "Junior Online 4NCL Division 3"]
[Site "online"]
[Date "2021.03.18"]
[EventDate "2021.03.18"]
[Round "5.84"]
[White "Patey, Joe"]
[WhiteElo "1185"]
[WhiteTeam "Temple Sutton Juniors"]
[Black "Patel, Ryan"]
[BlackElo "892"]
[BlackTeam "Harrow Juniors E"]
[Result "1-0"]
[PlyCount "30"]

1. d4 d5 2. Bf4 Nc6 3. Nc3 Nxd4 4. Qxd4 Nf6 5. Nb5 Bf5 6. Nxc7+ Kd7 7. Nxa8 Qxa8 8. e3 Bxc2 9. Bb5+ Kd8 10. Nf3 a6 11. Ba4 b5 12. Bxc2 Nh5 13. O-O f6 14. Qb6+ Ke8 15. Qb8+ Qxb8 1-0

[Event "Junior Online 4NCL Division 3"]
[Site "online"]
[Date "2021.03.18"]
[EventDate "2021.03.18"]
[Round "5.85"]
[White "Yau, Ethan Y"]
[WhiteElo "1544"]
[WhiteTeam "Temple Sutton Juniors"]
[Black "Patel, Aaron"]
[BlackElo "1062"]
[BlackTeam "Harrow Juniors E"]
[Result "0-1"]
[PlyCount "66"]

1. e4 e5 2. Nf3 Nc6 3. Bc4 Bc5 4. c3 Nf6 5. d3 O-O 6. Bg5 h6 7. Bh4 d6 8. h3 Be6 9. Bb3 a6 10. O-O g5 11. Bg3 Nh5 12. d4 exd4 13. cxd4 Nxg3 14. Bxe6 Nxf1 15. Bxf7+ Rxf7 16. dxc5 dxc5 17. Qxf1 Qf6 18. Nc3 Ne5 19. Nxe5 Qxe5 20. Rd1 h5 21. Rd5 Qf6 22. Rf5 Qe6 23. Rxg5+ Rg7 24. Rxc5 Qxh3 25. Rxc7 Qg4 26. Rxg7+ Kxg7 27. Qd3 h4 28. Qd4+ Kh6 29. Qd6+ Qg6 30. Qf4+ Qg5 31. Qc7 h3 32. Qh2 Qc1+ 33. Nd1 Qxd1# 0-1

[Event "Junior Online 4NCL Division 3"]
[Site "online"]
[Date "2021.03.18"]
[EventDate "2021.03.18"]
[Round "5.86"]
[White "Kulkarni, Bandish"]
[WhiteElo "1136"]
[WhiteTeam "Harrow Juniors E"]
[Black "Summers, Dylan S"]
[BlackElo "1532"]
[BlackTeam "Temple Sutton Juniors"]
[Result "0-1"]
[PlyCount "50"]

1. e4 e5 2. Nf3 Nc6 3. Bc4 Bc5 4. Nc3 Nf6 5. O-O O-O 6. d3 h6 7. d4 exd4 8. Nb5 a6 9. Nbxd4 Nxd4 10. Nxd4 Nxe4 11. Qg4 d5 12. Qf3 Bxd4 13. Bxd5 Qxd5 14. Rd1 Bxf2+ 15. Kh1 Qe5 16. Bf4 Qf5 17. c4 Bb6 18. Rd5 Qe6 19. Re5 Nf2+ 20. Kg1 Ng4+ 21. Kf1 Nxe5 22. Bxe5 Qxe5 23. Re1 Qc5 24. Ke2 Re8+ 25. Kf1 Qg1# 0-1

[Event "Junior Online 4NCL Division 3"]
[Site "online"]
[Date "2021.03.18"]
[EventDate "2021.03.18"]
[Round "5.87"]
[White "Yau, Max Y"]
[WhiteElo "1267"]
[WhiteTeam "Temple Sutton Juniors"]
[Black "Evans, Joseph"]
[BlackElo "995"]
[BlackTeam "Harrow Juniors E"]
[Result "0-1"]
[PlyCount "86"]

1. e4 c5 2. Nf3 Nc6 3. Bc4 e6 4. Nc3 g6 5. d3 Bg7 6. Be3 b6 7. d4 cxd4 8. Nxd4 Bb7 9. Nxc6 Bxc6 10. Bd4 Bxd4 11. Qxd4 Qf6 12. Qxf6 Nxf6 13. O-O Nxe4 14. Nxe4 Bxe4 15. c3 Rc8 16. Bb3 O-O 17. Rfd1 d5 18. h3 Rfd8 19. f3 Bf5 20. Rac1 e5 21. Re1 f6 22. Re3 Kf8 23. Rd1 d4 24. cxd4 Rxd4 25. Rxd4 exd4 26. Re1 d3 27. Rd1 Rd8 28. Kh2 Ke7 29. Kg3 g5 30. Rd2 h5 31. h4 Be6 32. hxg5 Bxb3 33. axb3 fxg5 34. f4 Kf6 35. fxg5+ Kxg5 36. Kh3 Kf4 37. Kh4 Ke3 38. Rd1 Ke2 39. Ra1 Kf2 40. g3 d2 41. Kxh5 Kxg3 42. Rd1 Kf2 43. Rxd2+ Rxd2 0-1

[Event "Junior Online 4NCL Division 3"]
[Site "online"]
[Date "2021.03.18"]
[EventDate "2021.03.18"]
[Round "5.88"]
[White "Patel, Ryan"]
[WhiteElo "892"]
[WhiteTeam "Harrow Juniors E"]
[Black "Patey, Joe"]
[BlackElo "1185"]
[BlackTeam "Temple Sutton Juniors"]
[Result "0-1"]
[PlyCount "60"]

1. e4 e5 2. f4 exf4 3. Nf3 Nc6 4. Nc3 Bc5 5. d4 Bb4 6. Bxf4 Bxc3+ 7. bxc3 Nf6 8. Ng5 h6 9. Nh3 d6 10. e5 dxe5 11. dxe5 Qxd1+ 12. Rxd1 O-O 13. exf6 g5 14. Bxc7 Bg4 15. Rd6 Rac8 16. Be2 Bxh3 17. gxh3 Rxc7 18. O-O Rd8 19. Rxd8+ Nxd8 20. Rf2 Rxc3 21. Rg2 Rxc2 22. h4 Rxa2 23. hxg5 hxg5 24. Rxg5+ Kf8 25. Bc4 Ra1+ 26. Kg2 a5 27. Rd5 Ne6 28. Rh5 Nf4+ 29. Kg3 Nxh5+ 30. Kh4 Nxf6 0-1

[Event "Junior Online 4NCL Division 3"]
[Site "online"]
[Date "2021.03.18"]
[EventDate "2021.03.18"]
[Round "5.101"]
[White "Oh, Julie"]
[WhiteElo "1442"]
[WhiteTeam "JHJ Shark Tank 4"]
[Black "Gogia, Pranay"]
[BlackElo "1826"]
[BlackTeam "Colchester Juniors A"]
[Result "1-0"]
[PlyCount "77"]

1. e4 e6 2. Nc3 d5 3. d4 dxe4 4. Nxe4 Nf6 5. Bg5 Be7 6. Nxf6+ Bxf6 7. Bxf6 Qxf6 8. Nf3 Nd7 9. c3 b6 10. Bb5 a6 11. Bc6 Rb8 12. O-O O-O 13. Qd3 h6 14. Rfe1 Rd8 15. Re2 b5 16. a4 bxa4 17. Rxa4 Nc5 18. Qd1 Nxa4 19. Qxa4 Qf4 20. Qc2 Bb7 21. Ne5 Bc8 22. Be4 f5 23. Bxf5 exf5 24. Nc6 Bb7 25. Nxb8 Rxb8 26. f3 Rf8 27. Qb3+ Kh8 28. Qxb7 Qc1+ 29. Kf2 Qf4 30. Qxa6 Qh4+ 31. Kg1 Qf4 32. Qe6 Qc1+ 33. Kf2 Qf4 34. Qe5 Qh4+ 35. Qg3 Qf6 36. Qxc7 f4 37. Qe7 Qh4+ 38. Qxh4 Kh7 39. Re7 1-0

[Event "Junior Online 4NCL Division 3"]
[Site "online"]
[Date "2021.03.18"]
[EventDate "2021.03.18"]
[Round "5.102"]
[White "Rida, Ruqayyah"]
[WhiteElo "1540"]
[WhiteTeam "Colchester Juniors A"]
[Black "Groot Wassink, Emma"]
[BlackElo "1428"]
[BlackTeam "JHJ Shark Tank 4"]
[Result "1-0"]
[PlyCount "69"]

1. e4 e5 2. Nf3 Nc6 3. Bc4 Bc5 4. O-O Nf6 5. d3 h6 6. c3 O-O 7. h3 d6 8. Re1 Be6 9. Bb5 a6 10. Ba4 b5 11. Bc2 Qd7 12. d4 exd4 13. cxd4 Bb4 14. Bd2 Bxd2 15. Nbxd2 d5 16. e5 Nh7 17. Nb3 Nb4 18. Nc5 Qc6 19. Bxh7+ Kxh7 20. a3 a5 21. axb4 axb4 22. Qd2 b3 23. Qd3+ Kg8 24. Qxb3 Kh8 25. Qd3 Rab8 26. Ra6 Rb6 27. Rea1 Rxa6 28. Rxa6 Qe8 29. Ra5 c6 30. Nb7 Qd7 31. Nd6 Qc7 32. Qa3 Rb8 33. b4 Kh7 34. Nd2 Kg6 35. Nb3 1-0

[Event "Junior Online 4NCL Division 3"]
[Site "online"]
[Date "2021.03.18"]
[EventDate "2021.03.18"]
[Round "5.103"]
[White "Hatem, Mika"]
[WhiteElo "1369"]
[WhiteTeam "JHJ Shark Tank 4"]
[Black "Catabay, Rezin C"]
[BlackElo "1493"]
[BlackTeam "Colchester Juniors A"]
[Result "1-0"]
[PlyCount "59"]

1. e4 e5 2. Nf3 Nf6 3. Nxe5 d6 4. Nf3 Nc6 5. Nc3 Bg4 6. h3 Bxf3 7. Qxf3 Nd4 8. Qd1 Be7 9. d3 O-O 10. Be3 c5 11. Be2 Rc8 12. O-O Re8 13. Bf3 b5 14. Bxd4 cxd4 15. Nxb5 Qb6 16. Na3 Qxb2 17. Nc4 Qc3 18. Rb1 Nd7 19. Rb3 Rxc4 20. Rxc3 Rxc3 21. Re1 Rec8 22. Re2 Ne5 23. Kh2 Bg5 24. Bg4 Bf4+ 25. g3 Bh6 26. f4 Nc6 27. Bxc8 Nb4 28. Bf5 Nxa2 29. Qb1 Ra3 30. Qb8# 1-0

[Event "Junior Online 4NCL Division 3"]
[Site "online"]
[Date "2021.03.18"]
[EventDate "2021.03.18"]
[Round "5.104"]
[White "Catabay, Mae Katelyn Rose"]
[WhiteElo "1446"]
[WhiteTeam "Colchester Juniors A"]
[Black "Burrill, Edoardo"]
[BlackElo "1383"]
[BlackTeam "JHJ Shark Tank 4"]
[Result "1-0"]
[PlyCount "41"]

1. e4 e5 2. f4 d6 3. Nf3 Nc6 4. c3 exf4 5. d4 Nf6 6. Bd3 Be7 7. O-O Bg4 8. Bxf4 O-O 9. Nbd2 h6 10. h3 Bh5 11. Qe1 d5 12. e5 Nd7 13. Qg3 g6 14. Bxh6 Re8 15. Bg5 Nf8 16. Bxe7 Qxe7 17. Ng5 Ne6 18. Nxf7 Kg7 19. Qe3 Kg8 20. Qh6 Rf8 21. Qh8# 1-0

[Event "Junior Online 4NCL Division 3"]
[Site "online"]
[Date "2021.03.18"]
[EventDate "2021.03.18"]
[Round "5.105"]
[White "Gogia, Pranay"]
[WhiteElo "1826"]
[WhiteTeam "Colchester Juniors A"]
[Black "Oh, Julie"]
[BlackElo "1442"]
[BlackTeam "JHJ Shark Tank 4"]
[Result "1/2-1/2"]
[PlyCount "35"]

1. d4 e6 2. c4 Nf6 3. Nc3 Bb4 4. e3 c5 5. Bd2 cxd4 6. exd4 d5 7. cxd5 Nxd5 8. Nxd5 Bxd2+ 9. Qxd2 Qxd5 10. Nf3 O-O 11. Bd3 Nc6 12. a3 Kh8 13. Bc2 b6 14. Qd3 Qf5 15. Qc3 Qd5 16. Qd3 Qf5 17. Qc3 Qd5 18. Qd3 1/2-1/2

[Event "Junior Online 4NCL Division 3"]
[Site "online"]
[Date "2021.03.18"]
[EventDate "2021.03.18"]
[Round "5.106"]
[White "Groot Wassink, Emma"]
[WhiteElo "1428"]
[WhiteTeam "JHJ Shark Tank 4"]
[Black "Rida, Ruqayyah"]
[BlackElo "1540"]
[BlackTeam "Colchester Juniors A"]
[Result "0-1"]
[PlyCount "68"]

1. e4 e5 2. Nf3 Nc6 3. Bc4 Bc5 4. c3 Nf6 5. d4 exd4 6. cxd4 Bb4+ 7. Bd2 Bxd2+ 8. Nbxd2 d5 9. exd5 Nxd5 10. O-O O-O 11. Nb3 Nb6 12. Bb5 Ne7 13. Re1 c6 14. Be2 Ned5 15. Nc5 Nd7 16. Nxd7 Bxd7 17. Bc4 Be6 18. Rc1 Qd6 19. Ne5 f6 20. Nf3 Rfe8 21. a3 Bf7 22. Qd3 Bg6 23. Qd2 b5 24. Bb3 Bh5 25. Qd3 Kh8 26. Qf5 Bg6 27. Qg4 Nf4 28. Rxe8+ Rxe8 29. Re1 Qc7 30. Rxe8+ Bxe8 31. Bc2 g6 32. Qh4 Kg7 33. Qg4 Bd7 34. Qg3 Ne2+ 0-1

[Event "Junior Online 4NCL Division 3"]
[Site "online"]
[Date "2021.03.18"]
[EventDate "2021.03.18"]
[Round "5.107"]
[White "Catabay, Rezin C"]
[WhiteElo "1493"]
[WhiteTeam "Colchester Juniors A"]
[Black "Hatem, Mika"]
[BlackElo "1369"]
[BlackTeam "JHJ Shark Tank 4"]
[Result "1-0"]
[PlyCount "35"]

1. c4 c5 2. Nc3 Nc6 3. e3 g6 4. d4 d6 5. Nf3 Bg7 6. dxc5 Bxc3+ 7. bxc3 dxc5 8. Qxd8+ Nxd8 9. Bb2 Nf6 10. O-O-O b6 11. Be2 Bb7 12. Rd3 Nc6 13. Rhd1 O-O 14. h4 e5 15. Rd6 Ng4 16. Rd7 Rab8 17. Rf1 Rbd8 18. Rxb7 1-0